00463nam a2200145 a 450000100100000000500170001000800410002704000250006808200140009310000250010724500520013226000810018430000170026550000350028200002484620200930023414.0110207s1985 dr 000 0 spa d aDO-SdBNPbspacBNPHU axxxbO77c1 aOrtíz, S. Salvador10aComentarios económico /cS. Salvador Ortíz. a[Santo Domingo] :bCentro de Estudios Monetarios y Bancarios (CEMYB),c1985. av. ;c22 cm. aLa biblioteca posee el tomo II